| Tag |
First Indicator |
Second Indicator |
Subfields |
| LEADER |
00000pam a2200000 a 4500 |
| 001 |
in00002023721 |
| 005 |
20151031173445.0 |
| 008 |
971001s1997 nyuab b 000 0 eng |
| 010 |
|
|
|a 97042276
|
| 020 |
|
|
|a 0773484337 (hc)
|
| 020 |
|
|
|a 088946281X (SAHM series)
|
| 035 |
|
|
|a (OCoLC)ocm37761971
|
| 040 |
|
|
|a DLC
|c DLC
|d NLM
|d TXA
|d UtOrBLW
|
| 043 |
|
|
|a fb-----
|
| 049 |
|
|
|a TXAM
|
| 050 |
0 |
0 |
|a RA395.A5548
|b I84 1997
|
| 060 |
0 |
0 |
|a W1
|b ST918D v.8 1997
|
| 060 |
1 |
0 |
|a W 84 HA12
|b I8 1997
|
| 082 |
0 |
0 |
|a 362.1/0967
|2 21
|
| 245 |
0 |
0 |
|a Issues and perspectives on health care in contemporary Sub-Saharan Africa /
|c edited by Ezekiel Kalipeni and Philip Thiuri.
|
| 264 |
|
1 |
|a Lewiston, N.Y. :
|b Edwin Mellen Press,
|c [1997]
|
| 264 |
|
4 |
|c ©1997
|
| 300 |
|
|
|a xi, 419 pages :
|b illustrations, maps ;
|c 24 cm.
|
| 336 |
|
|
|a text
|b txt
|2 rdacontent
|
| 337 |
|
|
|a unmediated
|b n
|2 rdamedia
|
| 338 |
|
|
|a volume
|b nc
|2 rdacarrier
|
| 490 |
1 |
|
|a Studies in African health and medicine ;
|v v. 8
|
| 504 |
|
|
|a Includes bibliographical references (pages [389]-414).
|
| 650 |
|
0 |
|a Medical care
|z Africa, Sub-Saharan.
|
| 650 |
|
0 |
|a Medical policy
|z Africa, Sub-Saharan.
|
| 650 |
1 |
2 |
|a Delivery of Health Care
|z Africa South of the Sahara.
|
| 650 |
2 |
2 |
|a Health Policy
|z Africa South of the Sahara.
|
| 650 |
2 |
2 |
|a Women's Health
|z Africa South of the Sahara.
|
| 700 |
1 |
|
|a Kalipeni, Ezekiel,
|d 1954-
|
| 700 |
1 |
|
|a Thiuri, Philip.
|
| 830 |
|
0 |
|a Studies in African health and medicine ;
|v v. 8.
|
| 948 |
|
|
|a cataloged
|b h
|c 2005/4/21
|d c
|e dmitchel
|f 10:20:30 am
|
| 994 |
|
|
|a C0
|b TXA
|
| 999 |
|
|
|a MARS
|
| 999 |
f |
f |
|s 05e40d0a-8888-314f-be22-edd78ec5e906
|i 82163582-a8ee-3c36-9a87-91fec257ea08
|t 0
|
| 952 |
f |
f |
|p ric
|a Texas A&M University
|b Rellis Campus
|c Joint Library Facility
|d Remote Storage
|t 0
|e RA395.A5548 I84 1997
|h Library of Congress classification
|i unmediated -- volume
|m A14832641350
|
| 998 |
f |
f |
|a RA395.A5548 I84 1997
|t 0
|l Remote Storage
|